The Practice of Diplomacy : (Record no. 10222)
[ view plain ]
| 000 -LEADER | |
|---|---|
| fixed length control field | 01487cam a2200301 a 4500 |
| 001 - CONTROL NUMBER | |
| control field | 4432509 |
| 005 - DATE AND TIME OF LATEST TRANSACTION | |
| control field | 20060728201642.0 |
| 008 - FIXED-LENGTH DATA ELEMENTS--GENERAL INFORMATION | |
| fixed length control field | 940406s1995 enk b 001 0 eng |
| 010 ## - LIBRARY OF CONGRESS CONTROL NUMBER | |
| LC control number | 94015093 |
| 020 ## - INTERNATIONAL STANDARD BOOK NUMBER | |
| International Standard Book Number | 0415104742 (hbk.) |
| 020 ## - INTERNATIONAL STANDARD BOOK NUMBER | |
| International Standard Book Number | 0415104750 (pbk.) |
| 040 ## - CATALOGING SOURCE | |
| Original cataloging agency | DLC |
| Transcribing agency | DLC |
| Modifying agency | DLC |
| 050 00 - LIBRARY OF CONGRESS CALL NUMBER | |
| Classification number | JX1635 |
| Item number | .H36 1995 |
| 082 00 - DEWEY DECIMAL CLASSIFICATION NUMBER | |
| Classification number | 327.209 |
| Edition number | 20 |
| Item number | HAM |
| 100 1# - MAIN ENTRY--PERSONAL NAME | |
| Personal name | Hamilton, Keith, |
| Dates associated with a name | 1942- |
| 9 (RLIN) | 13880 |
| 245 14 - TITLE STATEMENT | |
| Title | The Practice of Diplomacy : |
| Remainder of title | Its Evolution, Theory, and Administration / |
| Statement of responsibility, etc | Keith Hamilton and Richard Langhorne. |
| 260 ## - PUBLICATION, DISTRIBUTION, ETC. (IMPRINT) | |
| Place of publication, distribution, etc | London : |
| Name of publisher, distributor, etc | Routledge, |
| Date of publication, distribution, etc | c1995. |
| 300 ## - PHYSICAL DESCRIPTION | |
| Extent | vii, 279 p. ; |
| Dimensions | 25 cm. |
| 504 ## - BIBLIOGRAPHY, ETC. NOTE | |
| Bibliography, etc | Includes bibliographical references and index. |
| 650 #0 - SUBJECT ADDED ENTRY--TOPICAL TERM | |
| Topical term or geographic name as entry element | Diplomacy. |
| 9 (RLIN) | 13881 |
| 700 1# - ADDED ENTRY--PERSONAL NAME | |
| Personal name | Langhorne, Richard, |
| Dates associated with a name | 1940- |
| 9 (RLIN) | 13882 |
| 856 42 - ELECTRONIC LOCATION AND ACCESS | |
| Materials specified | Publisher description |
| Uniform Resource Identifier | <a href="http://www.loc.gov/catdir/enhancements/fy0648/94015093-d.html">http://www.loc.gov/catdir/enhancements/fy0648/94015093-d.html</a> |
| 942 ## - ADDED ENTRY ELEMENTS (KOHA) | |
| Source of classification or shelving scheme | Dewey Decimal Classification |
| Item type | Book - Borrowing |
| Withdrawn status | Item status | Source of classification or shelving scheme | Damaged status | Not for loan | Vendor | Home library | Current library | Shelving location | Date acquired | Source of acquisition | Total Checkouts | Full call number | Barcode | Date last seen | Date last borrowed | Koha item type | Total Renewals |
|---|---|---|---|---|---|---|---|---|---|---|---|---|---|---|---|---|---|
| Dewey Decimal Classification | Central Library | Central Library | First floor | 19/10/2008 | 3 | 327.209 HAM | 000013659 | 15/07/2025 | 03/11/2013 | NB - Book (Non borrowing) | |||||||
| Dewey Decimal Classification | Central Library | Central Library | First floor | 12/05/2010 | 2 | 327.209 HAM | 000020707 | 15/07/2025 | 03/11/2013 | Book - Borrowing | 1 | ||||||
| Dewey Decimal Classification | Central Library | Central Library | First floor | 12/05/2010 | 4 | 327.209 HAM | 000013667 | 15/07/2025 | 26/02/2020 | Book - Borrowing | 19 |